| 000 | 01250nam a2200349 c 4500 | ||
|---|---|---|---|
| 001 | 9422 | ||
| 003 | ES-MaCES | ||
| 005 | 20150925135627.0 | ||
| 008 | 990922s1998 ve t o000 | spa d | ||
| 035 | _aCES19990013644m | ||
| 040 |
_aES-MaCES _bspa _cES-MaCES |
||
| 111 | 2 |
_aJornadas Internacionales "Diálogo Social y Tripartismo" _d1998 _cCaracas _9491 |
|
| 245 | 1 | 3 |
_aEl rescate de la solidaridad a través del tripartismo _cJornadas Internacionales "Diálogo Social y Tripartismo", 25 y 26 de junio 1998 ; Maria Bernardoni de Govea |
| 260 |
_aCaracas _bMinisterio del Trabajo _c[1998] |
||
| 300 |
_a21 p. _c20 cm |
||
| 500 | _aTít. tomado de la cub. | ||
| 541 | _cGratuito | ||
| 650 | 4 |
_aseguridad social _927034 |
|
| 650 | 4 |
_asalario _928387 |
|
| 650 | 4 |
_apolítica salarial _928391 |
|
| 650 | 4 |
_anegociación colectiva _928362 |
|
| 650 | 4 |
_aconcertación tripartita _930936 |
|
| 650 | 4 |
_aVenezuela _926904 |
|
| 650 | 4 |
_a1998 _931169 |
|
| 653 | 1 | 0 | _aRelaciones laborales-Empleo |
| 650 | 4 |
_928369 _arelaciones laborales |
|
| 700 | 1 |
_aBernardoni de Govea, María _97638 |
|
| 710 | 2 |
_aVenezuela _bMinisterio del Trabajo _eed. _95467 |
|
| 902 | _aLIB Libro | ||
| 942 |
_2CES _cBK _h2.0. |
||
| 999 |
_c9422 _d9422 |
||